Statistics for Countries who's first vowel is an O

Click here to take the quiz!

General Stats

  • This quiz has been taken 108 times
    (80 since last reset)
  • The average score is 28 of 34

Answer Stats

ContinentCountry% Correct
South AmericaColombia
96%
AsiaSouth Korea
95%
South AmericaBolivia
93%
EuropeNorway
93%
EuropePortugal
93%
AfricaSouth Africa
93%
North AmericaHonduras
89%
North AmericaDominica
88%
EuropeMonaco
88%
AsiaOman
88%
EuropePoland
88%
AfricaSouth Sudan
88%
AsiaNorth Korea
86%
EuropeBosnia and Herzegovina
84%
North AmericaDominican Republic
84%
EuropeKosovo
84%
EuropeRomania
82%
AfricaSomalia
80%
OceaniaTonga
80%
AsiaMongolia
79%
EuropeMontenegro
79%
AfricaMozambique
79%
AfricaTogo
79%
North AmericaCosta Rica
77%
EuropeSlovenia
77%
OceaniaSolomon Islands
77%
AfricaBotswana
75%
AfricaComoros
75%
EuropeCroatia
75%
EuropeSlovakia
75%
EuropeMoldova
73%
AfricaMorocco
73%
AsiaJordan
70%
AfricaCote d'Ivoire
59%

Score Distribution

Percentile by Number Answered

Percent of People with Each Score

Your Score History

You have not taken this quiz since the last reset